000 01134nam a2200265 i 4500
001 bg
245 0 0 _aLotne związki organiczne powstałe w wyniku stosowania rozpuszczalników organicznych /
_c[red. Jakub Koniecki].
260 _aWarszawa :
_bUrząd Komitetu Integracji Europejskiej,
_c2001.
300 _a81 s. ;
_c23 cm.
490 1 _aPrawo Unii Europejskiej na co Dzień. Przedsiębiorca w Unii Europejskiej
500 _aNumeracja serii gł.: 2.
650 9 _aChemia organiczna
_xzwiązki
_xwpływ na środowisko
_xprawo wspólnotowe europejskie
_ystan na 2001 r.
650 9 _aHarmonizacja prawa
_zPolska
650 9 _aPrzemysł
_xwpływ na środowisko
_xprawo wspólnotowe europejskie
_ystan na 2001 r.
650 9 _aRozpuszczalniki
_xbezpieczeństwo
_xprawo wspólnotowe europejskie
_ystan na 2001 r.
700 1 _aKoniecki, Jakub.
_eRed.
830 0 _aPrawo Unii Europejskiej na co Dzień.
_pPrzedsiębiorca w Unii Europejskiej
020 _a8387913847
040 _cBPK
041 0 _apol
080 _a341.22:66/68:628.5](4-67)
920 _a83-87913-84-7
942 _cKS
008 s pl f |000 0 pol
999 _c42603
_d42603
856 _uhttp://koha.tu.koszalin.pl/cgi-bin/koha/opac-detail.pl?biblionumber=42603
_yKatalog online BPK